Manual de pruebas de inteligencia y aptitudes
Wedi'i Gadw mewn:
| Prif Awdur: | |
|---|---|
| Fformat: | Llyfr |
| Iaith: | Sbaeneg |
| Cyhoeddwyd: |
Ciudad de México
Plaza y Valdés
1996
|
| Pynciau: | |
| Tagiau: |
Ychwanegu Tag
Dim Tagiau, Byddwch y cyntaf i dagio'r cofnod hwn!
|
MARC
| LEADER | 00000nam a2200000 a 4500 | ||
|---|---|---|---|
| 001 | UCQ4150 | ||
| 003 | CL-VaPUC | ||
| 008 | 980904e19960000MX |||||||||||||||||spa|d | ||
| 082 | 0 | 4 | |a 153.9 |b COS |2 21 |
| 100 | 0 | |a Costa Neiva, Kathia María |e author |9 418404 | |
| 245 | 1 | 0 | |a Manual de pruebas de inteligencia y aptitudes |
| 300 | |a 205 p | ||
| 942 | |c BK | ||
| 945 | |d 19980904 00:00:00 |a aarredon | ||
| 260 | |a Ciudad de México |b Plaza y Valdés |c 1996 | ||
| 650 | 0 | |a Inteligencia |9 267038 | |
| 650 | 0 | |a Pruebas de inteligencia |9 307461 | |
| 650 | 0 | |a Tests psicológicos |9 308644 | |
| 650 | 0 | |a Pruebas psicológicas |9 307459 | |
| 650 | 7 | |a TESTS DE APTIUD |2 CL-VaPUC |9 418405 | |
| 650 | 0 | |a Dibujo |9 260181 | |
| 583 | |a last modification |c 20130102 10:13:28 |k Rodrigo Vera | ||
| 999 | |c 274597 |d 274595 | ||
| 952 | |0 0 |1 0 |4 0 |6 153_900000000000000_COS_1996 |7 0 |8 A |9 310847 |a BIBEDU |b BIBEDU |d 2019-11-20 |i 3461688 |o 153.9 COS 1996 |p 3461688 |r 2019-11-20 |w 2019-11-20 |y BK |k BME | ||